| 000 | 01257cam a2200289 a 4500 | ||
|---|---|---|---|
| 001 | 2431 | ||
| 005 | 20250512154008.0 | ||
| 020 | _a9780545522700 | ||
| 040 |
_aDLC _cDLC _dDLC _beng |
||
| 050 | 0 | 0 | _aPZ7.J629 |
| 082 | 0 | 0 | _a426 |
| 100 | 1 |
_aJohnson, Angela _d1961- |
|
| 245 | 1 | 0 |
_aJust like Josh Gibson / _cwritten by Angela Johnson, illustrated by Beth Peck |
| 260 |
_aNew York : _bScholastic, _c2004 |
||
| 300 |
_a30 unnumbered pages : _bColor illustrations ; _c28 cm |
||
| 505 | _aS | ||
| 520 | _a Grandmama could hit the ball a mile, catch anything that was thrown, and do everything else -- just like Josh Gibson. But unfortunately, no matter how well a girl growing up in the 1940s played the game of baseball, she would have faced tremendous challenges. These challenges are not unlike those met by the legendary Josh Gibson, arguably the best Negro-League player to never make it into the majors. In a poignant | ||
| 521 |
_a790
_bLexile |
||
| 521 |
_aS
_bRaz-Plus |
||
| 650 | 1 |
_aSex role _vFiction. |
|
| 650 | 1 |
_aBaseball _vFiction. |
|
| 650 | 1 |
_aGrandmothers _vFiction. |
|
| 650 | 1 |
_aAfrican Americans _vFiction. |
|
| 700 | 1 |
_aPeck, Beth _eillustrator |
|
| 906 |
_a7 _bcbc _corignew _d1 _eocip _f20 _gy-gencatlg |
||
| 942 |
_2ddc _cBK _n0 |
||
| 999 |
_c2431 _d2431 |
||